LEADER 01638nam a2200373 u 4500 001 000000050705 003 CaOOAMICUS 005 20070226115244.0 008 000828s1992 it u000 u ita u 020 $a8871580133 035 $a10854022 040 $aPUL(R)$bita 041 0 $aita$bger 100 1 $aMiletto, Gianfranco,$d1960-$0(OLS)http://pul/name/36461 245 12$aL'Antico Testamento ebraico nella tradizione babilonese :$bi frammenti della Genizah /$cGianfranco Miletto. 246 33$aFrammenti della Geniazah 260 $aTorino :$bSilvio Zamorani Editore,$c1992. 300 $axi, 308 p. ;$c21 cm 490 1 $aQuaderni di Henoch ;$v3 500 $aInclude indici. 500 $aRiassunto in Tedesco p. 291. 504 $aBibliografia p. 294-308. 630 04$aBiblia$xConcordanze.$0(OLS)http://pul/subject/7243 630 04$aBiblia$xRelazioni con l'Antico Testamento.$0(OLS)http://pul/subject/21319 630 04$aBiblia.$pV.T.$xStudio.$0(OLS)http://pul/subject/1419 830 0$aQuaderni di Henoch ;$v3.$0(OLS)http://pul/title/10720 850 $aPUL 852 $aPUL$W1$xDP1 Fondo Ciprotti$y59$m1534 G 9$j67211$nBK-PRI$b $qFondi$B67211$CPULBib$Z2$F67211 $H $81 941 1 $a1 961 $aINV: 0736. Fondo Ciprotti. 996 $6020$a8871580133$9(OLS)http://pul/number/64183 996 $6245$aL'Antico Testamento ebraico nella tradizione babilonese :$bi frammenti della Genizah$9(OLS)http://pul/title/68233 996 $6246$aFrammenti della Geniazah$9(OLS)http://pul/title/68234 996 $6260$aTorino :$bSilvio Zamorani Editore$9(OLS)http://pul/publisher/67788 LEADER 01048nam a2200253 u 4500 001 000000063006 003 CaOOAMICUS 005 20070226121209.0 008 011016c1939 fr u000 u fre u 035 $a10906604 040 $aPUL(R)$bita 100 0 $aVivekananda, swâmi,$d1863-1902.$0(OLS)http://pul/name/42833 245 10$aRaja-yoga :$bou la Conquete de la Nature Intérieure /$cSwami Vivekananda. 260 $aBelgique :$b[s.n.],$c1939. 300 $a308 p. ;$c22 cm 500 $aIn testa al front.: Les grands maitres spirituels dans l'inde contemporaine. 504 $aBibliografia in nota. 650 4$aFilosofia orientale$xStoria.$0(OLS)http://pul/subject/19864 850 $aPUL 852 $aPUL$W1$xSL Religione 1$y3$m70 B 31$j81811$nBK-PRI$b $qStampati$B81811$CPULBib$Z2$F81811 $H $81 941 1 $a8 961 $aINV: 14281 996 $6245$aRaja-yoga :$bou la Conquete de la Nature Intérieure$9(OLS)http://pul/title/84041 996 $6260$aBelgique :$b[s.n.]$9(OLS)http://pul/publisher/70513